Statistics for Reel Big Fish Discography

Click here to take the quiz!

General Stats

  • This quiz has been taken 8 times
  • The average score is 10 of 24

Answer Stats

TypeYearName% Correct
Album2002Cheer Up!
100%
Album2012Candy Coated Fury
86%
Album1996Turn the Radio Off
86%
Album1995Everything Sucks
71%
Album2005We're Not Happy 'til You're Not Happy
71%
Album1998Why Do They Rock So Hard?
71%
Album2009Fame, Fortune and Fornication
57%
Live Album2006Our Live Album Is Better than Your Live Album
57%
Compilation2002Favorite Noise
43%
Compilation2006Greatest Hit...and More
43%
Album2007Monkeys for Nothin' and the Chimps for Free
43%
Split EP2007Duet All Night Long
29%
Holiday EP2014Happy Skalidays
29%
EP1997Keep Your Receipt
29%
Compilation2011Skacoustic
29%
Compilation2010A Best of Us for the Rest of Us
14%
Demo1994Buy This!
14%
Demo1992In The Good Old Days...
14%
Video2009Reel Big Fish Live! In Concert!
14%
Demo1994Return of the Mullet (REEL BIG FISH)
14%
EP2002Sold Out
14%
Video2003The Show Must Go Off! Reel Big Fish - Live at the House of Blues
14%
Compilation2000Viva la Internet
14%
Video2006You're All in This Together
0%

Score Distribution

Percentile by Number Answered

Percent of People with Each Score

Your Score History

You have not taken this quiz